000
00192 a2200097 4500
020
_a
9780822531715
041
_a
spa
100
_a
Patricia J. Murphy
245
_a
Mantenerse feliz
942
_c
BK
999
_c
11789
_d
11789